Central Library OPAC University of Rajshahi

এক চুমুকে পকেট লোপাট / (Record no. 39525)

MARC details
000 -LEADER
fixed length control field 00888nam a2200229 a 4500
001 - CONTROL NUMBER
control field 39525
003 - CONTROL NUMBER IDENTIFIER
rucl marc code BD-RjUL
005 - DATE AND TIME OF LATEST TRANSACTION
control field 20211209053016.0
008 - FIXED-LENGTH DATA ELEMENTS--GENERAL INFORMATION
fixed length control field 160412b2009 bg ||||| |||| 00| 0 ben d
020 ## - INTERNATIONAL STANDARD BOOK NUMBER
International Standard Book Number 9847004400044
Terms of availability : Tk. 250.00
035 ## - SYSTEM CONTROL NUMBER
System control number (BD-RjUL)39638
040 ## - CATALOGING SOURCE
Original cataloging agency BD-RjUL
Language of cataloging ben
Transcribing agency BD-RjUL
041 ## - LANGUAGE CODE
Language code of text/sound track or separate title ben
082 ## - DEWEY DECIMAL CLASSIFICATION NUMBER
Edition number 23
Author mark and year CHE 2009
Classification number 891.44409
100 ## - MAIN ENTRY--PERSONAL NAME
Personal name চৌধুরী, জাফরুল্লাহ্
9 (RLIN) 121774
245 10 - TITLE STATEMENT
Title এক চুমুকে পকেট লোপাট /
Statement of responsibility, etc. জাফরুল্লাহ্ চৌধুরী
260 ## - PUBLICATION, DISTRIBUTION, ETC. (IMPRINT)
Place of publication, distribution, etc. ঢাকা :
Name of publisher, distributor, etc. গণ প্রকাশনী,
Date of publication, distribution, etc. ২০০৯
300 ## - PHYSICAL DESCRIPTION
Pagination ১৯১ পৃ. ;
Size ২২ সেমি.
650 ## - SUBJECT ADDED ENTRY--TOPICAL TERM
Topical term or geographic name as entry element বাংলা প্রবন্ধ
Form subdivision ইতিহাস ও সমালোচনা
9 (RLIN) 119946
Topical term or geographic name as entry element Bengali Essays
Form subdivision History and Criticism
9 (RLIN) 119947
942 ## - ADDED ENTRY ELEMENTS (KOHA)
Source of classification or shelving scheme Dewey Decimal Classification
Koha item type Books
Holdings
Lost status Source of classification or shelving scheme Damaged status Not for loan Collection code Permanent Location Current Location Shelving location Date acquired Source of acquisition Cost, normal purchase price Total Checkouts Full call number Date last seen Copy number Koha item type
  Dewey Decimal Classification   Not For Loan Non-fiction Central Library, University of Rajshahi Central Library, University of Rajshahi Reading Room 23/12/2013 Prothoma Prokashona, Dhaka 250.00   B 891.44409 CHE 2009 12/04/2016 C-1 Books
  Dewey Decimal Classification     Non-fiction Central Library, University of Rajshahi Central Library, University of Rajshahi   23/12/2013 Prothoma Prokashona, Dhaka 250.00   B 891.44409 CHE 2009 12/04/2016 C-2 Books
  Dewey Decimal Classification     Non-fiction Central Library, University of Rajshahi Central Library, University of Rajshahi   23/12/2013 Prothoma Prokashona, Dhaka 250.00   B 891.44409 CHE 2009 12/04/2016 C-3 Books